Einfluss der lieferoption auf duration und konvexität von fixed income futures

Salvato in:
Dettagli Bibliografici
Autore principale: Marček, Michal
Natura: Capitolo di libro
Lingua:tedesco
Soggetti:
Tags: Aggiungi Tag
Nessun Tag, puoi essere il primo ad aggiungerne!!

MARC

LEADER 00000nla$a2200000$$$4500
001 0104151
005 20240626114649.0
041 0 |a ger 
044 |a SK 
245 1 0 |a Einfluss der lieferoption auf duration und konvexität von fixed income futures  |c Michal Marček 
610 2 0 |a futurity 
610 2 0 |a trh finančný 
610 2 0 |a deriváty 
610 2 0 |a papiere cenné 
100 1 |a Marček, Michal